000 00555nam a2200193 i 4500
001 22728
003 ES-MaACL
005 20260525062924.0
007 t|
008 021204s1972 sp ||||1| spa d
100 1 _aAlonso del Real, Carlos.
_920297
245 1 0 _aEsperando a los bárbaros /
_cCarlos Alonso del Real.
260 _aMadrid :
_bEspasa Calpe,
_c[1972]
300 _a262 p. ;
_c18 cm.
490 1 _aColección austral ;
_v1512
830 0 _aColección austral
_v1512
_9177655
852 _aES-MaACL
_jC-53192
_bR.84096
999 _c22728
_d22728